Apologia pro circuitione sanguinis : qua respondetur Æmylio Parisano Medico Veneto /

Bibliographic Details
Main Author: Ent, George, Sir, 1604-1689
Format: eBook
Language:Latin
Published: Londini : Typis M.F. Impensis G. Kettilby ..., 1685.
Edition:Editio altera auctior & accuratior.
Series:Early English books online.
Subjects:
Online Access:Connect to the full text of this electronic book

MARC

Tag First Indicator Second Indicator Subfields
LEADER 00000nam a2200000Ia 4500
001 in00004292000
005 20200810081031.0
006 m g d
007 cr bn |||a|bb|
008 851121s1685 enk o 00| | lat d
035 |a (OCoLC)12826924 
040 |a EAA  |c EAA  |d m/c  |d WaOLN 
037 |a CL0037000021  |b ProQuest Information and Learning. 300 N. Zeeb Rd., Ann Arbor, MI 48106 
049 |a UMIA 
100 1 |a Ent, George,  |c Sir,  |d 1604-1689. 
245 1 0 |a Apologia pro circuitione sanguinis :  |b qua respondetur Æmylio Parisano Medico Veneto /  |c auctore George Entio. 
250 |a Editio altera auctior & accuratior. 
260 |a Londini :  |b Typis M.F. Impensis G. Kettilby ...,  |c 1685. 
300 |a 1 online resource ([20], 431 pages) 
336 |a text  |b txt  |2 rdacontent 
337 |a computer  |b c  |2 rdamedia 
338 |a online resource  |b cr  |2 rdacarrier 
500 |a Includes bibliographical references. 
500 |a A defense of Harvey's doctrine of the circulation. 
500 |a Reproduction of original in Cambridge University Library. 
510 4 |a Wing  |c E3136 
533 |a Electronic reproduction.  |b Ann Arbor, Mich. :  |c UMI,  |d 1999-  |f (Early English books online)  |n Digital version of: (Early English books, 1641-1700 ; 712:16)  |7 s1999 miun s 
600 1 0 |a Harvey, William,  |d 1578-1657.  |t De motu cordis. 
600 1 0 |a Parisano, Emilio,  |d 1567-1643.  |t Nobilium exercitationum libri duodecim de subtilitate. 
650 0 |a Blood  |x Circulation  |v Early works to 1800. 
830 0 |a Early English books online. 
856 4 0 |u http://proxy.library.tamu.edu/login?url=https://search.proquest.com/docview/2240958638  |z Connect to the full text of this electronic book  |t 0 
999 f f |s f3429f23-8525-3145-bb9f-b3db642bf2a7  |i 433d38d5-aad4-3975-ac61-4d2d1b63a2d4  |t 0 
952 f f |a Texas A&M University  |b College Station  |c Electronic Resources  |d Available Online  |t 0  |h No information provided 
998 f f |t 0  |l Available Online